01055 2200373 4500001002100000005001500021007000300036008004100039020001600080035002000096040001700116041000800133082000800141084001400149090002000163100003100183245009900214250001000313264003100323300003800354336002100392337003000413338002300443500002900466504002600495700003500521850001000556990001700566990001700583990001800600990002100618990002100639990002100660INLIS00000000000478720260522022443ta260522 0  a65-01-066-1 a0010-0122000419 aSBPUPADbind0 aind a2x3 a2x3 TSU a a657 LUK p L22-20 aTsuroya KiswatiePengarang1 aAl-Juwaini Peletak Dasar Teologi Rasional dalam Islam /cTsuroya Kiswati ; editor, Sayed Mahdi aCet.3 aJakarta :bErlangga,c2015 avii, 205 hlm. :bilus. ;c15x23cm 2rdacontentateks 2rdamediaatanpa perantara 2rdacarrieravolume aprofil penulis: hlm, 205 aBibliografi, hlm 196 aeditor, Sayed MahdiePengarang aPUPAD a12848/H/2010 a12849/Br2010 a13883/Br/2010 a27046/H/DPK/2017 a27052/H/DPK/2018 a27053/H/DPK/2017